Catálogo

Vista normal Vista MARC

Entrada Personal Name

Número de registros utilizados en: 1

001 - CONTROL NUMBER

  • control field: 18112

003 - CONTROL NUMBER IDENTIFIER

  • control field: DLC

005 - DATE AND TIME OF LATEST TRANSACTION

  • control field: 20260518132818.0

008 - FIXED-LENGTH DATA ELEMENTS

  • fixed length control field: 971224n| acannaabn |a aaa

010 ## - LIBRARY OF CONGRESS CONTROL NUMBER

  • LC control number: n 97125729

035 ## - SYSTEM CONTROL NUMBER

  • System control number: (OCoLC)oca04567844

040 ## - CATALOGING SOURCE

  • Original cataloging agency: DLC
  • Language of cataloging: spa
  • Transcribing agency: Mx-PuUPA
  • Modifying agency: OCoLC
  • Modifying agency: MX-MxITA
  • Modifying agency: Mx-PuUPA
  • Description conventions: rda

100 1# - HEADING--PERSONAL NAME

  • Personal name: Domínguez Orozco, Jaime,

374 ## - OCCUPATION

  • Occupation: Autor
  • Occupation: Contador público

375 ## - GENDER

  • Gender: hombre

377 ## - ASSOCIATED LANGUAGE

  • Language code: spa

400 1# - SEE FROM TRACING--PERSONAL NAME

  • Personal name: Orozco, Jaime Domínguez

670 ## - SOURCE DATA FOUND

  • Source citation: La reexpresión fiscal y el ISR, 1996:
  • Information found: t.p. (C.P. [contador público] Jaime Domínguez Orozco)